Регионална библиотека "Любен Каравелов" - Русе

Пътни картини (Запис номер 65223)

MARC детайли
000 -Лидер
Контролно поле с фиксирана дължина 01254nam a2200325 c 4500
003 - Код на организацията, давaща контролен номер
Контролно поле BLK
005 - Дата и час на последна редакция
Контролно поле 20180422102733.0
008 - Елементи от данни с фиксирана дължина
fixed length control field 180408b bul|||||r ||||||| ||bul||
010 ## - Наследен системен номер
LC control number KNG00069498000
020 ## - Международен стандартен номер на книга ISBN
Международен стандартен номер на книга ISBN 954-739-644-7
-- издат.: Захарий Стоянов
040 ## - Източник на каталожния запис
Идентификатор на билиотеката - собственик на записа BLK
041 ## - Код за език
Код за езика на текст/звукозапис или на отделно заглавие Български
Код за езика КДБФ Български
080 ## - УДК
Текстов определител УДК Немска литература
УДК код - определител по УДК 821.112.2
УДК определител -992
УДК - код + определител 821.112.2-992
100 1# - Редна дума - Автор
Автор Хайне, Хайнрих
Авторска отговорност първи автор
R(LIN) 366441
139 ## - Редно поле
Редна дума Хайне, Хайнрих
Авторски знак Хаин - Х 21
245 10 - Сведения за заглавието
Заглавие Пътни картини
Редно поле (дума) Хайнрих Хайне; прев. от нем. Анастасия Михайлова Рашева.
257 ## - Страна на издаване
Страна на създаване/издаване Германия
260 ## - Област на издателските данни
-- София
Име на издателя, разпространителя и проч. Захарий Стоянов
Година на издаване 2005
300 ## - Физическа характеристика
Страници 564 с.
Размери/Мащаб 23 см
380 ## - Жанр
Жанр Худож. лит.
490 1# - СЕРИИ (Колекции)
Име на серия Поредица Шедьовър
500 ## - Общи забележки
Забележка Ориг. загл. Reisebilder / Heinrich Heine. - Офс. изд.
653 ## - Ключова дума – ненормативна
Ключова дума пътеписи
700 1# - Други автори (авторска отговорност)
Лично име Рашева, Анастасия Михайлова
Автороска отговорност (Описва отношението между автора и произведението) прев. от нем.
9 (RLIN) 370513
852 ## - Местоположение
Форматна сигнатура Цб 230112
856 4# - Електронен адрес и достъп
Електронен формат pdf - файл
Път до файла /url/
856 4# - Електронен адрес и достъп
Електронен формат pdf - файл
Път до файла /url/
942 ## - АРТИКУЛИ
Вид на библиотечния материал Книги
Скрит в OPAC Не
944 ## - СЪЗДАВАНЕ И РЕДАКЦИЯ на ЗАПИСА
Създаване/Редакция Създаване
Дата на регистрацията/редакция 17.11.2006
Статус, дата на статуса ф /
Служител, извършил регистрацията/редакцията Людмила_Стоянова
944 ## - СЪЗДАВАНЕ И РЕДАКЦИЯ на ЗАПИСА
Създаване/Редакция Редакция
Дата на регистрацията/редакция 06.10.2015
Статус, дата на статуса ф /
Служител, извършил регистрацията/редакцията Геновева_Генчева
999 ## - СИСТЕМНИ КОНТРОЛНИ НОМЕРА
Koha biblionumber 65223
Koha biblioitemnumber 65223
Наличности
Код за отписване Код за изгубен артикул Код за повреда Коз за рестрикции Код за отдаване Артикулен № Име на библиотеката - собственик Име на библиотеката, в която се намира в момента Статус (Текущо местоположение) Дата на вписване в системата Местоположение - отдел Цена в лева Инвентарен номер Систематично азбучна сигнатура Баркод Номер на екземпляра Цена в евро Служебна бележка Служебен тип на артикула Източник на класификационната схема
  Не е изгубен Не е повреден без рестрикции ползва се в читалня 107570 Регионална библиотека "Любен Каравелов" Русе Регионална библиотека "Любен Каравелов" Русе Хранилище 2006-11-17 Хранилище 15.00 120000706758 Цб 230112 120000706758 1 7.67 Дост: Dp Вид: Д N: 2 Дата: 14.12.2005 Книги  
  Не е изгубен Не е повреден без рестрикции заемане за дома 107571 Регионална библиотека "Любен Каравелов" Русе Регионална библиотека "Любен Каравелов" Русе Заемна - подръчен фонд 2015-07-23 Заемна - подръчен фонд 15.00 120000790519 П 830-9/Х 21 120000790519 2 7.67 Дост: DA Вид: А N: 13 Дата: 23.07.2015; Бележки инв: П2018 Книги Universal Decimal Classification
Vip Innovations Ltd, Rousse, Bulgaria 2025